000 00454nam a2200181Ia 4500
008 090124s9999 xx 000 0 und d
082 _b12081
100 _aSATPRAKASHANANDA SWAMI
245 _aHOW IS MAN REBORN ?
250 _a0
260 _bADVAITA ASHRAMA
_c1972
300 _a44
600 _aSATPRAKASHANANDA SWAMI
630 _aHOW IS MAN REBORN ?
700 _aSATPRAKASHANANDA SWAMI
730 _aHOW IS MAN REBORN ?
942 _cBOOK
999 _c87469
_d87469